Tilastot visalle Yleistieto #12

Klikkaa tästä pelataksesi tätä visaa!

Yleistilastot

  • Tätä visaa on pelattu 847 kertaa
  • Keskiarvotulos 8 / 15

Vastaustilastot

KysymysVastaus% Oikein
Kuka kavalsi Jeesuksen 30 hopearahasta?Juudas Iskariot
79%
Mikä on Ruotsin toiseksi suurin kaupunki?Göteborg
76%
Kenen hitti on "Viidestoista Yö"?Juice Leskisen
70%
Mille maalle kuuluu Huippuvuoret?Norjalle
68%
Missä kaupungissa on Bolshoi- teatteri?Moskovassa
63%
Kenen kirjailijan luoma hahmo on Miss Marple?Agatha Christie
58%
Mikä Yhdysvaltojen osavaltio alkaa H-kirjaimella?Havaiji
55%
Kuka siirsi Venäjän pääkaupungin Moskovasta Pietariin?Pietari Suuri
50%
Mikä on Gambian ainoa naapurimaa?Senegal
47%
Kuka loi Marimekon?Armi Ratia
44%
Mikä on Pakistanin pääkaupunki?Islamabad
37%
Kuka komediahahmo esittää "Naurava Kulkuri"-kappaleen?Jean-Pierre Kusela
37%
Kuka kuuluisa taiteilija maalasi sulavia kelloja?Salvador Dali
37%
Missä maassa Melania Trump syntyi?Jugoslaviassa
27%
Mikä on Itävalta ruotsiksi?Österrike
22%

Tulosjakauma

Persentiili vastausten määrän mukaan

Jokaisen tuloksen saaneiden osuus

Tuloshistoriasi

Et ole pelannut tätä visaa